00524 2200193 4500001002100000005001500021035002000036007000300056008004100059020002200100082000800122084001400130100001400144245006300158250001100221260003400232300003800266650002600304INLIS00000000000202020260212091718 a0010-0226000030ta260212 g 0 ind  a978-979-877-089-0 a600 a600 IBN c0 aIbnu Aziz1 aCara Mudah Mencegah dan Membasmi Virus Ponsel /cIbnu Aziz aCet. 1 aYogyakarta :bMediaKom,c2009 a112 hlm. :bilus. ;c14.5 x 21 cm aMembasmi Virus Ponsel